书目信息 |
| 题名: |
数据结构与算法
|
|
| 作者: | 侯凤贞 , 胡建华 , 潘蕾 主编 | |
| 分册: | ||
| 出版信息: | 北京 清华大学出版社 2025.05 |
|
| 页数: | 284页 | |
| 开本: | 26cm | |
| 丛书名: | ||
| 单 册: | ||
| 中图分类: | TP311.12 , TP312PY | |
| 科图分类: | ||
| 主题词: | 数据结构--shu ju jie gou--算法分析 , 程序语言--cheng xu yu yan--程序设计 | |
| 电子资源: | ||
| ISBN: | 978-7-302-68879-2 | |
| 000 | 01871nam0 2200325 450 | |
| 001 | 93054 | |
| 005 | 20250818181403.56 | |
| 010 | @a978-7-302-68879-2@dCNY59.80 | |
| 100 | @a20250429d2025 em y0chiy50 ea | |
| 101 | 0 | @achi |
| 102 | @aCN@b110000 | |
| 105 | @aa a 000yy | |
| 106 | @ar | |
| 200 | 1 | @a数据结构与算法@Ashu ju jie gou yu suan fa@ePython语言版@f侯凤贞, 胡建华, 潘蕾主编 |
| 210 | @a北京@c清华大学出版社@d2025.05 | |
| 215 | @a284页@c图@d26cm | |
| 300 | @a清华开发者学堂 | |
| 314 | @a侯凤贞, 中国药科大学理学院数据科学系教授, 博士, 博士生导师。主要研究方向为人工智能在医药领城的应用。江苏省“青蓝工程”优秀青年骨干教师, 主讲数据结构、Python与医药数据处理等课程, 获省级教学、校级成果奖若干项, 主编或参编多部教材。胡建华, 中国药科大学理学院数据科学系副教授, 博士, 硕士生导师。长期从事计算机程序设计语言、信息系统分析与设计、数据结构等方面的研究和教学工作。已出版《C语言程序设计》《大学信息技术基础》等教材。潘蕾, 中国药科大学理学院数据科学系副教授, 硕士生导师。获得高校计算机科学与技术专业规范及人才培养专题骨干教师、管理信息系统骨干教师、工信部软件设计师等资格认证。主讲程序设计语言、数据结构、信息技术基础、Python与医药大数据处理等课程。 | |
| 320 | @a有书目 | |
| 330 | @a本书共分为9章, 旨在为读者提供数据结构与算法的基础知识。第1章介绍了数据结构与算法的基本概念。第2章概述了Python编程的基础知识, 确保读者具备使用Python语言进行编程的能力。本书的亮点集中在第3-9章, 分别详细讲述了线性表、字符串、栈和队列、二叉树和树、图等核心数据结构, 以及递归算法、二分查找和经典排序算法等。 | |
| 606 | 0 | @a数据结构@Ashu ju jie gou@x算法分析 |
| 606 | 0 | @a程序语言@Acheng xu yu yan@x程序设计 |
| 610 | 0 | @aPython |
| 690 | @aTP311.12@v5 | |
| 690 | @aTP312PY@v5 | |
| 701 | 0 | @a侯凤贞@Ahou feng zhen@4主编 |
| 701 | 0 | @a胡建华@Ahu jian hua@4主编 |
| 701 | 0 | @a潘蕾@Apan lei@4主编 |
| 801 | 0 | @aCN@c20250909 |
| 905 | @a河南城建学院图书馆@dTP311.12@eH423@f1 | |
| 数据结构与算法:Python语言版/侯凤贞, 胡建华, 潘蕾主编.-北京:清华大学出版社,2025.05 |
| 284页:图;26cm |
| 清华开发者学堂 |
| ISBN 978-7-302-68879-2:CNY59.80 |
| 本书共分为9章, 旨在为读者提供数据结构与算法的基础知识。第1章介绍了数据结构与算法的基本概念。第2章概述了Python编程的基础知识, 确保读者具备使用Python语言进行编程的能力。本书的亮点集中在第3-9章, 分别详细讲述了线性表、字符串、栈和队列、二叉树和树、图等核心数据结构, 以及递归算法、二分查找和经典排序算法等。 |
| ● |
| 相关链接 |
|
|
|
正题名:数据结构与算法
索取号:TP311.12/H423
 
预约/预借
| 序号 | 登录号 | 条形码 | 馆藏地/架位号 | 状态 | 备注 |
| 1 | 1627012 | 216270121 | 自科库301/301自科库 47排7列1层/ [索取号:TP311.12/H423] | 在馆 |